Largest Wheat Exporters (2022) - Statistics

General Stats
  • This quiz has been taken 45 times
  • The average score is 13 of 17
Answer Stats
Hint Answer % Correct
$9,210,000,000 United States
100%
$1,070,000,000 Brazil
98%
$8,870,000,000 Canada
98%
$8,090,000,000 France
93%
$2,320,000,000 India
90%
$5,880,000,000 Russia
90%
$3,270,000,000 Ukraine
90%
$4,770,000,000 Argentina
88%
$2,420,000,000 Germany
88%
$10,200,000,000 Australia
83%
$1,660,000,000 Poland
76%
$1,910,000,000 Kazakhstan
63%
$3,140,000,000 Romania
59%
$1,720,000,000 Bulgaria
49%
$855,000,000 Czech Republic
39%
$1,220,000,000 Latvia
24%
$1,460,000,000 Lithuania
24%
No matching quizzes found
Score Distribution
Percent of People with Each Score
Percentile by Number Answered
Your Score History
You have not taken this quiz